MARC details
| 000 -CABECERA |
| campo de control de longitud fija |
01124nas a2200217 a 4500 |
| 005 - FECHA Y HORA DE LA ÚLTIMA TRANSACCIÓN |
| campo de control |
20230801125056.0 |
| 006 - ELEMENTOS DE LONGITUD FIJA – CARACTERÍSTICAS DE MATERIALES ADICIONALES – INFORMACIÓN GENERAL |
| campo de control de longitud fija |
s|||||o|||| 00| 0 |
| 008 - ELEMENTOS DE LONGITUD FIJA--INFORMACIÓN GENERAL |
| campo de control de longitud fija |
230801c1990 |||qr p o|||| 00| 0 spa d |
| 022 ## - NÚMERO INTERNACIONAL NORMALIZADO PARA PUBLICACIONES SERIADAS |
| Número Internacional Normalizado para Publicaciones Seriadas |
1549-2230 |
| 040 ## - FUENTE DE LA CATALOGACIÓN |
| Centro catalogador/agencia de origen |
MX-MxUPN |
| Lengua de catalogación |
spa |
| Centro/agencia transcriptor |
MX-MxUPN |
| Normas de descripción |
aacr2 |
| 245 0# - MENCIÓN DE TÍTULO |
| Título |
Revista complutense de educación |
| Medio |
[recurso electrónico en línea] |
| 260 ## - PUBLICACIÓN, DISTRIBUCIÓN, ETC. |
| Lugar de publicación, distribución, etc. |
Madrid: |
| Nombre del editor, distribuidor, etc. |
Universidad Complutense de Madrid, |
| Fecha de publicación, distribución, etc. |
1990. |
| 310 ## - FRECUENCIA ACTUAL DE LA PUBLICACION |
| Periodicidad actual |
Trimestral |
| Fecha de comienzo de la periodicidad actual |
2017- |
| 321 ## - FRECUENCIA ANTERIOR DE LA PUBLICACION |
| Periodicidad anterior |
Semestral |
| Fechas de la periodicidad anterior |
1990-2016 |
| 506 0# - NOTA DE RESTRICCIONES AL ACCESO |
| Limitaciones de acceso |
Acceso abierto |
| 510 ## - NOTA DE CITAS O REFERENCIAS BIBLIOGRÁFICAS |
| Nombre de la fuente |
Eric Plus, latindex, Miar, Redib, DOAJ, Scopus, Dialnet |
| 520 ## - NOTA DE RESUMEN, ETC. |
| Sumario, etc. |
La Revista Complutense de Educación publicará trabajos que contribuyan a enriquecer el conocimiento en educación, pudiendo ser: estudios empíricos (cuantitativos o cualitativos) o estudios teóricos o de revisión (históricos, filosóficos, etc.). Cualquiera de ellos puede ser tratado desde un punto de vista multidisciplinar. También publica reseñas bibliográficas. Revista complutense de educación. |
| 856 ## - LOCALIZACIÓN Y ACCESO ELECTRÓNICOS |
| Identificador Uniforme del Recurso |
<a href="https://revistas.ucm.es/index.php/RCED/issue/archive">https://revistas.ucm.es/index.php/RCED/issue/archive</a> |
| 902 ## - ELEMENTOS DE DATOS B LOCAL, LDB (RLIN) |
| Creó |
Leonor Sotres/010823 |
| 942 ## - ELEMENTOS DE PUNTO DE ACCESO ADICIONAL (KOHA) |
| Tipo de ítem Koha |
Revista Electrónica |